| 000 | 00675nam a2200217 a 4500 | ||
|---|---|---|---|
| 001 | 1755763 | ||
| 003 | AM-YEHGA | ||
| 005 | 20251002144332.0 | ||
| 008 | 210216s2004 ai a||||rc||||00||||eng|d | ||
| 040 | _aAM-YEHGA | ||
| 041 | 0 | _aeng | |
| 245 | 0 | 0 |
_aZara Manucharyan : _h[photoalbum] / _c[Introduction by Romik Sardaryan] ; Designer: Aram Urutyan. |
| 260 |
_aYerevan : _bTigran Mets Publishing House, _c2004. |
||
| 300 |
_a49 p. : _bcolor illustrations ; _c20 x 21 cm. |
||
| 600 | 1 | 4 |
_aManucharyan, Zara, _d1972- |
| 650 | 1 | 4 | _aPainting, Armenian |
| 650 | 1 | 4 |
_aFine art _vCatalogues |
| 700 | 1 |
_aSardaryan, Romik _4aui |
|
| 700 | 1 |
_aUrutyan, Aram _4dsn |
|
| 942 |
_2udc _cBK |
||
| 999 |
_c535907 _d535907 |
||